000 00476pab a2200181 454500
008 180718b2012 xxu||||| |||| 00| 0 eng d
100 _aFair, C. Christine
245 _aPakistan in 2011: Ten years of the war on terror
260 _c2012
300 _ap.100-113.
362 _aJan-Feb
650 _aPakistan - Politics and government
650 _aTerrorism - Pakistan
650 _aPolitics and government
773 _aAsian Survey
908 _aN
909 _a97427
999 _c97427
_d97427